|
|
|
|
| LEADER |
00000nam a2200000 a 4500 |
| 001 |
vtls008852132 |
| 003 |
SK-MaSNL |
| 005 |
20260311124904.0 |
| 008 |
240313s1979 xr a d p 001 0 cze |
| 020 |
|
|
|q (brož.)
|
| 040 |
|
|
|a SNK
|b slo
|c SNK
|e AACR2
|
| 041 |
0 |
|
|a cze
|
| 043 |
|
|
|a e-cs---
|
| 044 |
|
|
|a xr
|c CZ
|
| 072 |
|
7 |
|a 574
|x Všeobecná ekológia
|2 konspekt
|
| 080 |
|
|
|a 574.9
|2 2001
|
| 080 |
|
|
|a (437)
|2 2001
|
| 080 |
|
|
|a (075.8)
|2 2001
|
| 100 |
1 |
|
|a Havrlant, Miroslav,
|d 1925-
|4 aut
|9 93779
|
| 245 |
1 |
0 |
|a Biogeografie Československa
|c Miroslav Havrlant
|
| 250 |
|
|
|a 1. vyd.
|
| 260 |
|
|
|a V Ostravě
|b Pedagogická fakulta
|c 1979
|
| 300 |
|
|
|a 117 s.
|b ilustr., mp.
|c 21 cm
|
| 650 |
0 |
7 |
|a biogeografia
|2 SNKPH
|9 745
|
| 650 |
0 |
7 |
|a Biogeography
|2 SNKPHeng
|9 339975
|
| 651 |
|
7 |
|a Československo
|2 SNKPH
|9 21376
|
| 651 |
|
7 |
|a Czechoslovakia
|2 SNKPHeng
|9 265183
|
| 655 |
|
7 |
|a učebnice vysokých škôl
|2 SNKPH
|9 70191
|
| 655 |
|
7 |
|a Textbooks (higher)
|2 SNKPHeng
|9 276436
|
| 958 |
|
|
|a OND
|
| 999 |
|
|
|c 682147
|d 684077
|
| 952 |
|
|
|a SNK
|b SNK
|y PREZ
|7 0
|p 17A0509081
|o snkSC 125009
|i snk2006/19901
|8 1
|0 0
|1 0
|4 0
|d 2006-10-04
|l 0
|r 2025-06-09 00:00:00
|w 2026-02-23
|